书目信息 |
| 题名: |
国际货币基金组织和世界银行
|
|
| 作者: | ;中国银行国际金融研究室 编著 | |
| 分册: | ||
| 出版信息: | 北京 中国财政经济出版社 1978 |
|
| 页数: | 86页 | |
| 开本: | 19cm | |
| 丛书名: | 国际金融知识丛书 | |
| 单 册: | ||
| 中图分类: | F831.6 | |
| 科图分类: | ||
| 主题词: | 国际货币基金组织--简介 , 金融 , 银行 , 世界银行--简介 | |
| 电子资源: | ||
| ISBN: | ||
| 000 | 00906nam2 2200289 45 | |
| 001 | 0178002130 | |
| 005 | 20060802171744.85 | |
| 010 | @dCNY0.30 | |
| 091 | @a4166.082 | |
| 100 | @a19950714d1978 em y0chiy0121 ea | |
| 101 | 0 | @achi |
| 102 | @aCN@b110000 | |
| 105 | @ay z 000yy | |
| 200 | 10 | @a国际货币基金组织和世界银行@Aguo ji huo bi ji jin zu zhi he shi jie yin hang@f中国银行国际金融研究室编著@Fzhong guo yin hang guo ji jin rong yan jiu shi bian zhu |
| 210 | @a北京@c中国财政经济出版社@d1978 | |
| 215 | @a86页@d19cm | |
| 225 | 2 | @a国际金融知识丛书 |
| 300 | @a国内发行 | |
| 410 | 0 | @120010@a国际金融知识丛书 |
| 606 | @a国际货币基金组织@x简介 | |
| 606 | 0 | @a金融 |
| 606 | 0 | @a银行 |
| 606 | @a世界银行@x简介 | |
| 690 | @aF831.6@v3 | |
| 711 | 02 | @a中国银行国际金融研究室@Azhong guo yin hang guo ji jin rong yan jiu shi@4编著 |
| 801 | 0 | @aCN@bTSSF@c20060802 |
| 905 | @a10447@dF831.6@e1 | |
| 国际货币基金组织和世界银行/中国银行国际金融研究室编著.-北京:中国财政经济出版社,1978 |
| 86页;19cm.-(国际金融知识丛书) |
| 国内发行 |
| ISBN :CNY0.30 |
| ● |
| 相关链接 |
|
|
|
|
正题名:国际货币基金组织和世界银行
索取号:F831.6/1
 
预约/预借
| 序号 | 登录号 | 条形码 | 馆藏地/架位号 | 状态 | 备注 |
| 1 | 0004719 | 202167458 | 密集书库/ [索取号:F831.6/1] | 在馆 | |
| 2 | 0442029 | 204420297 | 密集书库/ [索取号:F831.6/1] | 在馆 |